Inflation, Nominal Interest Rates and the Variability of Output

Enregistré dans:
Détails bibliographiques
Auteur principal: Chadha, Bankim
Autres auteurs: Tsiddon, Daniel
Format: Livre
Langue:anglais
Publié: Washington International Monetary Fund 1996
Édition:1. ed.
Collection:IMF Working Paper 109
Sujets:
Tags: Ajouter un tag
Pas de tags, Soyez le premier à ajouter un tag!

MARC

LEADER 00000nam a2200000 4500
001 c017501
005 20221205125304.6
041 0 |a eng 
044 |a US 
245 1 0 |a Inflation, Nominal Interest Rates and the Variability of Output  |c Bankim Chadha, Daniel Tsiddon 
250 |a 1. ed. 
264 1 |a Washington  |b International Monetary Fund  |c 1996 
300 |a 25 s. 
490 1 |a IMF Working Paper  |v 109 
830 0 |a IMF Working Paper  |v 109 
610 2 0 |a inflácia 
610 2 0 |a sadzby úrokové 
610 2 0 |a cykly hospodárske 
610 2 0 |a modely lineárne 
610 2 0 |a trh finančný 
610 2 0 |a miera inflácie 
610 2 0 |a stabilita cien 
100 1 |a Chadha, Bankim 
700 1 |a Tsiddon, Daniel